Návrh informačného systému v notácii UML = Activities of informations management : Diplomová práca

Salvato in:
Dettagli Bibliografici
Autore principale: Dobiš, Ján (Autore)
Altri autori: Schreiber, Peter, 1960- (xxx)
Natura: Manoscritto Libro
Lingua:slovacco
Pubblicazione: Trnava : STU v Bratislave MtF KAIA, 2007
Soggetti:
Tags: Aggiungi Tag
Nessun Tag, puoi essere il primo ad aggiungerne!!

MARC

LEADER 00000ntm a22000003a 4500
001 stu143925
005 20160719155737.7
008 070807s2007----xo------------------slo-d
040 |a STU  |b slo 
041 0 |a slo 
044 |a xo 
100 1 |a Dobiš, Ján  |4 aut 
245 1 |a Návrh informačného systému v notácii UML = Activities of informations management :  |b Diplomová práca 
260 |a Trnava :  |b STU v Bratislave MtF KAIA,  |c 2007 
300 |a 70 s  |c príl (1 CD-ROM) 
500 |a Program: Automatizácia a informatizácia procesov 
650 7 |a informačný systém  |2 stusub 
700 1 |a Schreiber, Peter,  |d 1960-  |4 xxx  |u M6000  |U MTF Materiálovotechnologická fakulta  |T MTF Ústav aplikovanej informatiky, automatizácie a matematiky  |X 247  |U M6000  |Y 86  |7 A000000247 
996 |b 284M076848  |c M*DP-6713  |l MMSKP  |s P  |a 0  |w stu143925_0001